00940nam a22002537a 4500952009400000999001700094003000800111005001700119008004100136020001800177040002300195041000800218082002200226245013600248246003500384260004400419300002100463490002900484504004200513650004500555650003800600740003500638942001300673 a0001b0001d2022-12-19l0o328.561 T96 2022p020666r2022-12-19 00:00:00w2022-12-19yBKS c15101d15101MIRAKIL20221219130215.0221219b tu ||||| |||| 00| 0 tur d a9789944613217 aTR-AnCHPcTR-AnCHP atur a328.561bT96 202210aTürkiye Büyük Millet Meclisi yüzüncü yıl armağanı : bhukuk, siyaset bilimi ve tarih/ ceditör: Sakine Yalçın. ahukuk, siyaset bilimi ve tarih aİstanbul : bTekin Yayınevi, c2022. a1054 s.:c24 sm.0 aTekin yayınevi ; v821. aKaynakça bölüm sonlarındadır. 095625aTürkiye Büyük Millet Meclisi 095074aDevlet adamlarıxTürkiye ahukuk, siyaset bilimi ve tarih 2ddccBKS